Applied Combinatorics with Problem Solving
Salvato in:
| Autore principale: | |
|---|---|
| Altri autori: | |
| Natura: | Libro |
| Lingua: | inglese |
| Pubblicazione: |
Reading
Addison-Wesley Pub. Co.
1990
|
| Edizione: | 1. ed. |
| Tags: |
Nessun Tag, puoi essere il primo ad aggiungerne!!
|
MARC
| LEADER | 00000nam a2200000 4500 | ||
|---|---|---|---|
| 001 | c030196 | ||
| 005 | 20221215113330.7 | ||
| 041 | 0 | |a eng | |
| 044 | |a US | ||
| 245 | 1 | 0 | |a Applied Combinatorics with Problem Solving |c Bradley W. Jackson, Dmitri Thoro |
| 250 | |a 1. ed. | ||
| 264 | 1 | |a Reading |b Addison-Wesley Pub. Co. |c 1990 | |
| 300 | |a 324 s. | ||
| 100 | 1 | |a Jackson, Bradley W. | |
| 700 | 1 | |a Thoro, Dmitri | |